| 000 | 00619nam a2200205Ia 4500 | ||
|---|---|---|---|
| 005 | 20250508165946.0 | ||
| 008 | 008 250505s9999 xx 000 0 eng d | ||
| 037 | _aReference | ||
| 040 |
_aFEDL _beng _cFEDL |
||
| 041 |
_aeng _2eng |
||
| 084 |
_a320.019, SEA/RR _qFEDL |
||
| 100 |
_aSears David O Ed. _9782525 |
||
| 245 | 0 | _aOxford handbook of political psychology | |
| 260 |
_aDelhi, India _bOxford University Press _c2003 |
||
| 300 | _ax, 822p. | ||
| 365 |
_aINR _b1795 |
||
| 700 |
_a Huddy Leonie Ed. Jervis Robert Ed. _9782526 |
||
| 942 |
_cREF _h320.019, SEA/RR |
||
| 999 |
_c1398419 _d1398419 |
||